Oxford guide to plain English / (Record no. 32461)
[ view plain ]
| 000 -LEADER | |
|---|---|
| fixed length control field | 03321nam a22004335a 4500 |
| 005 - DATE AND TIME OF LATEST TRANSACTION | |
| control field | 20091210145556.0 |
| 008 - FIXED-LENGTH DATA ELEMENTS--GENERAL INFORMATION | |
| fixed length control field | 091208s2009 enka b 001 0 eng |
| 010 ## - LCCN (DPL NO) | |
| LC control number | B-370118-129 |
| 020 ## - INTERNATIONAL STANDARD BOOK NUMBER | |
| International Standard Book Number | 9780198064640 |
| Terms of availability | 298.75 |
| 035 ## - SYSTEM CONTROL NUMBER | |
| System control number | B-370118-129 |
| 037 ## - SOURCE OF ACQUISITION | |
| Source of stock number/acquisition | Impulse |
| 082 ## - DEWEY DECIMAL CLASSIFICATION NUMBER | |
| Classification number | 488 |
| 100 ## - MAIN ENTRY--PERSONAL NAME | |
| Personal name | Cutts, Martin |
| 245 ## - TITLE STATEMENT | |
| Title | Oxford guide to plain English / |
| Statement of responsibility, etc | by Martin Cutts |
| 246 ## - VARYING FORM OF TITLE | |
| Title proper/short title | Guide to plain English |
| 250 ## - EDITION STATEMENT | |
| Edition statement | 2nd ed. |
| 260 ## - PUBLICATION, DISTRIBUTION, ETC. (IMPRINT) | |
| Place of publication, distribution, etc | New Delhi |
| Name of publisher, distributor, etc | Oxford University Press |
| Date of publication, distribution, etc | 2010(repr.). |
| 270 ## - ADDRESS | |
| Address | YMCA Library Building, Jai Singh Road, |
| City | New Delhi |
| Postal code | 110001 |
| 300 ## - PHYSICAL DESCRIPTION | |
| Extent | iii, 202 p. |
| Dimensions | 18 cm(Hb) |
| 500 ## - GENERAL NOTE | |
| General note | This book is published in 4 vol. and set price is 1195.00 |
| 504 ## - BIBLIOGRAPHY, ETC. NOTE | |
| Bibliography, etc | Includes bibliographical references and index. |
| 650 ## - SUBJECT ADDED ENTRY--TOPICAL TERM | |
| Topical term or geographic name as entry element | English language |
| General subdivision | Usage. |
| 650 ## - SUBJECT ADDED ENTRY--TOPICAL TERM | |
| Topical term or geographic name as entry element | English language |
| General subdivision | Errors of usage. |
| 650 ## - SUBJECT ADDED ENTRY--TOPICAL TERM | |
| Topical term or geographic name as entry element | English language |
| General subdivision | Grammar. |
| 942 ## - ADDED ENTRY ELEMENTS (KOHA) | |
| Source of classification or shelving scheme | Dewey Decimal Classification |
| Item type | Children Books |
| Classification part | 488 |
| Call number suffix | CUT |
| Withdrawn status | Lost status | Source of classification or shelving scheme | Damaged status | Not for loan | Collection code | Home library | Current library | Date acquired | Source of acquisition | Cost, normal purchase price | Total Checkouts | Full call number | Barcode | Date last seen | Copy number | Cost, replacement price | Koha item type |
|---|---|---|---|---|---|---|---|---|---|---|---|---|---|---|---|---|---|
| Written-off vide DLB M. No. 383 dt 16.05.19 | Dewey Decimal Classification | Non-fiction | Andrews Gunj | Andrews Gunj | 22/05/2010 | Impulse/CS-2478/4.2.10/162/27.1.10/4.2.10 | 298.75 | 488 CUT | B-370123 | 22/05/2010 | 1 | 298.75 | Reference Books | ||||
| Dewey Decimal Classification | Non-fiction | Bawana | Bawana | 22/05/2010 | Impulse/CS-2478/4.2.10/162/27.1.10/4.2.10 | 298.75 | 488 CUT | B-370128 | 22/05/2010 | 1 | 298.75 | Reference Books | |||||
| Dewey Decimal Classification | Non-fiction | Central Library | Central Library | 22/05/2010 | Impulse/CS-2478/4.2.10/162/27.1.10/4.2.10 | 298.75 | 488 CUT | B-370118 | 22/05/2010 | 1 | 298.75 | Reference Books | |||||
| Dewey Decimal Classification | Non-fiction | Janak Puri | Janak Puri | 22/05/2010 | Impulse/CS-2478/4.2.10/162/27.1.10/4.2.10 | 298.75 | 488 CUT | B-370120 | 29/06/2018 | 1 | 298.75 | Reference Books | |||||
| Written-off vide DLB M. No. 383 dt 16.05.19 | Dewey Decimal Classification | Non-fiction | Karol Bagh | Karol Bagh | 22/05/2010 | Impulse/CS-2478/4.2.10/162/27.1.10/4.2.10 | 298.75 | 488 CUT | B-370126 | 22/05/2010 | 1 | 298.75 | Reference Books | ||||
| Dewey Decimal Classification | Non-fiction | Narela | Narela | 22/05/2010 | Impulse/CS-2478/4.2.10/162/27.1.10/4.2.10 | 298.75 | 488 CUT | B-370127 | 22/05/2010 | 1 | 298.75 | Reference Books | |||||
| Written-off vide DLB M. No. 383 dt 16.05.19 | Dewey Decimal Classification | Non-fiction | Patel Nagar | Patel Nagar | 22/05/2010 | Impulse/CS-2478/4.2.10/162/27.1.10/4.2.10 | 298.75 | 488 CUT | B-370119 | 22/05/2010 | 1 | 298.75 | Reference Books | ||||
| Dewey Decimal Classification | Non-fiction | R.K.Puram-8 | R.K.Puram-8 | 22/05/2010 | Impulse/CS-2478/4.2.10/162/27.1.10/4.2.10 | 298.75 | 488 CUT | B-370122 | 22/05/2010 | 1 | 298.75 | Reference Books | |||||
| Dewey Decimal Classification | Non-fiction | Sarojini Nagar | Sarojini Nagar | 22/05/2010 | Impulse/CS-2478/4.2.10/162/27.1.10/4.2.10 | 298.75 | 488 CUT | B-370121 | 22/05/2010 | 1 | 298.75 | Reference Books | |||||
| Dewey Decimal Classification | Non-fiction | Shahdara Branch | Shahdara Branch | 22/05/2010 | Impulse/CS-2478/4.2.10/162/27.1.10/4.2.10 | 298.75 | 488 CUT | B-370129 | 22/05/2010 | 1 | 298.75 | Reference Books | |||||
| Dewey Decimal Classification | Non-fiction | Sriniwas Puri | Sriniwas Puri | 22/05/2010 | Impulse/CS-2478/4.2.10/162/27.1.10/4.2.10 | 298.75 | 488 CUT | B-370124 | 22/05/2010 | 1 | 298.75 | Reference Books | |||||
| Written-off vide DLB M. No. 383 dt 16.05.19 | Dewey Decimal Classification | Non-fiction | Vinoba Puri | Vinoba Puri | 22/05/2010 | Impulse/CS-2478/4.2.10/162/27.1.10/4.2.10 | 298.75 | 488 CUT | B-370125 | 22/05/2010 | 1 | 298.75 | Reference Books |
